00624nam a2200217Ia 4500003000900000008004100009040001300050040001300063041000800076100001400084100000800098245002700106260002100133260000900154300000800163490001900171490000600190942000700196999001300203952019000216IT-RoPAU120407s9999 xx 000 0 und d aIT-RoPAU cIT-RoPAU aita aAmbrosius csan aInnologia ambrosiana.  aEdizioni Paoline c1956 c cm aVerba Seniorum v1 cBK c203d203 00102ddc406276_800000000000000_7571aPAULUSbPAULUSd2012-04-11l0o276.8.75r2012-04-11 00:00:00w2012-04-11yBKzInserito da: Anna In data: n.d. fondo: Via A.Severo 56 Progr:15406